| 000 | 00471nam a2200181Ia 4500 | ||
|---|---|---|---|
| 005 | 20250423101129.0 | ||
| 008 | 250422s9999 xx 000 0 und d | ||
| 020 | _a9788123925752 | ||
| 050 | _aTJ 163.2 .D48/ | ||
| 100 | _aDhupper, Renu | ||
| 245 | 0 | _aTextbook on energy resources and management | |
| 260 | _aNew Delhi | ||
| 260 | _bCBS Publishers & Distributors Pvt Ltd. | ||
| 260 | _c2015 | ||
| 300 | _a228 p | ||
| 650 | _a Power resources. | ||
| 942 | _cBK | ||
| 999 |
_c35379 _d35379 |
||